000 01090cam a2200277 4500
001 ABS63889
008 000000n2001 000 0 eng u
035 _a(Sirsi) u112461
100 _aGoodwyn, E.
245 _aIR35-how to avoid the closing of the loophole
260 _c2001
490 _aNew Law Journal
_v151 (6781), 27 April 2001, 617-618(2)
520 _aGives guidance on how to ensure that IR35 tax law does not apply following the High Court judgment on the "Inland Revenue v Professional Contractors Group" (PCG), which ruled that IR35 was not incompatible with the Treaty of Rome and the European Convention on Human Rights. Information on the Revenue's tests can be found at http://www.inlandrevenue.gov.uk/ir35.
590 _aABS
600 _aIR35
650 _aTAX
650 _aIR35
650 _aNATIONAL INSURANCE CONTRIBUTIONS
650 _aINLAND REVENUE V PROFESSIONAL CONTRACTORS GROUPONAL CONTRACTORS GROUP
650 _aGUIDANCE
650 _aCONTRACTORS
650 _aCONSULTANTS
690 _aLAW-UK
700 _aFeeney, J.
942 _n0
999 _c66941
_d66941